000 00616cam a22002173a 4500
001 30171
003 PGUSA
005 20140828083642.0
008 091004s2009||||xxu|||||s|||||000 | eng d
040 _aPGUSA
_beng
042 _adc
050 4 _aPT
100 1 _aLennep, J. van
_q(Jacob),
_d1802-1868
245 1 0 _aVertellingen van vroeger en later tijd
_h[electronic resource] /
_cJ. van Lennep
260 _bProject Gutenberg,
_c2009
506 _aPublic domain in the USA.
516 _aElectronic text
830 0 _aProject Gutenberg
_v30171
856 4 0 _uhttp://www.gutenberg.org/ebooks/30171
942 _cEB
999 _c259426
_d259426